000 03316cam a2200289 4500500
005 20260322003140.0
041 _afre
042 _adc
100 1 0 _aDichter, Heather L.
_eauthor
245 0 0 _aObtenir les Jeux olympiques d’hiver de 1968 : conflit entre alliés de l’OTAN
260 _c2026.
500 _a97
520 _aSept villes se sont portées candidates pour les Jeux olympiques d’hiver de 1968, dont quatre appartenant à des États membres de l’OTAN : Lake Placid (États-Unis), Grenoble (France), Calgary (Canada) et Oslo (Norvège). Dans les années 1960, le sport international a dû faire face à la politique de la guerre froide qui a eu un impact sur la possibilité d’organiser des événements sportifs. Le Comité international olympique (CIO) a demandé à chaque ville candidate aux Jeux olympiques de 1968 de fournir une garantie gouvernementale que tous les participants seraient autorisés à entrer dans le pays s’il était choisi comme hôte. Les quatre États membres de l’OTAN ont compris qu’ils devaient travailler ensemble pour s’assurer que chacune de leurs réponses en faveur de leurs villes candidates respectives satisfasse le CIO tout en ne violant pas les accords de l’OTAN. Aucun de ces États ne voulait que les réponses de sa ville l’excluent inutilement de la sélection de l’hôte olympique. La demande du CIO d’une garantie gouvernementale au nom des villes hôtes des Jeux olympiques de 1968 a impliqué les gouvernements. Les actions des diplomates de l’OTAN et de leurs ministères des affaires étrangères ont finalement influencé la sélection de l’hôte olympique.
520 _aSeven cities bid for the 1968 Winter Olympics, including four from NATO member states: Lake Placid (United States), Grenoble (France), Calgary (Canada), and Oslo (Norway). In the 1960s, international sports had to contend with Cold War politics, which impacted the ability to organize sporting events. The International Olympic Committee (IOC) required each city bidding for the 1968 Games to provide a government guarantee that all participants would be allowed to enter the country if selected as the host. The four NATO member states understood that they needed to work together to ensure that each of their responses in support of their respective candidate cities met IOC requirements while not violating NATO agreements. None of these states wanted their city’s response to unnecessarily exclude them from the Olympic host selection process. The IOC’s request for a government guarantee on behalf of the 1968 Olympic host cities involved national governments in the Olympic bidding process. The actions of NATO diplomats and their foreign ministries ultimately influenced the selection of the Olympic host.
690 _adiplomatie
690 _aguerre froide
690 _aJeux olympiques d’hiver
690 _aOTAN
690 _avoyages
690 _aCold War
690 _adiplomacy
690 _aNATO
690 _atravel
690 _aWinter Olympics
786 0 _nMovement & Sport Sciences - Science & Motricité | 131 | 1 | 2026-02-25 | p. 11-22 | 2118-5735
856 4 1 _uhttps://stm.cairn.info/revue-movement-sport-sciences-science-motricite-2026-1-page-11?lang=fr&redirect-ssocas=7080
999 _c1729572
_d1729572